| 000 | 01085cam a2200421 4500500 | ||
|---|---|---|---|
| 005 | 20260405003708.0 | ||
| 041 | _afre | ||
| 042 | _adc | ||
| 100 | 1 | 0 |
_aSorente, Isabelle _eauthor |
| 245 | 0 | 0 | _aComplotisme. Pourquoi se raconte-t-on des histoires ? |
| 260 | _c2023. | ||
| 500 | _a38 | ||
| 690 | _aArguments | ||
| 690 | _aCaverne | ||
| 690 | _aComplot | ||
| 690 | _aComplotisme | ||
| 690 | _aConspirationnisme | ||
| 690 | _aDescartes | ||
| 690 | _aDialogue | ||
| 690 | _aDoute | ||
| 690 | _aFiction | ||
| 690 | _aHistoire | ||
| 690 | _aNancy Murzilli | ||
| 690 | _aNietzsche | ||
| 690 | _aParanoïa | ||
| 690 | _aPlaton | ||
| 690 | _aPoutine | ||
| 690 | _aPouvoir | ||
| 690 | _aRécit | ||
| 690 | _aRussie | ||
| 690 | _aSebastian Dieguez | ||
| 690 | _aSecret | ||
| 690 | _aThéorie du complot | ||
| 690 | _aUkraine | ||
| 690 | _aVérité | ||
| 786 | 0 | _nPhilosophie magazine | 169 | 5 | 2023-05-01 | p. 20-20 | 1951-1787 | |
| 856 | 4 | 1 | _uhttps://shs.cairn.info/magazine-philosophie-magazine-2023-5-page-20?lang=fr&redirect-ssocas=7080 |
| 999 |
_c2069935 _d2069935 |
||